| 000 | 00458nam a2200181Ia 4500 | ||
|---|---|---|---|
| 003 | GCL | ||
| 005 | 20240530100248.0 | ||
| 008 | 140319s9999 xx 000 0 eng d | ||
| 040 |
_aGCL / _cGCL |
||
| 082 | 0 | 4 |
_a780 _bK M |
| 100 | 1 | _aKAMIEN, ROGER | |
| 245 | 1 | 0 |
_aMUSIC: AN APPRECIATION / _cKAMIEN, ROGER |
| 260 |
_a[S.N] : _bTHE MAKTABA - AL FURGAN ، _c1996 |
||
| 300 | _a731 P | ||
| 650 | 0 | 4 | _aMUSIC |
| 650 | 0 | 4 | _aMUSIC - APPRECIATION |
| 942 |
_2ddc _cBK |
||
| 999 |
_c15809 _d15809 |
||